00605nam a22001937a 450000500170000000800410001702000180005804000210007604100080009708200160010510000270012124501150014825000120026326000330027530000100030865000390031870000240035770000300038120250913094733.0250913b |||||||| |||| 00| 0 eng d a9789358493436 aIN-DiNCcIN-DiNC deng a370.54bDEK aDeka, Nabanitaeauthor aDevelopment of education in pre independent India (Major9)/cby Nabanita Deka, Lokman Ali and Dimpal Khatiwora a1st ed. aDibrugarh:bBanalata,c2025. a580p. aEducation in pre independent India aAli, Lokmaneauthor aKhatiwora, Dimpaleauthor